Wortgemisch - Landeshauptstädte - Sprint Version - Statistiken

Allgemein
  • Dieses Quiz wurde 76 mal gespielt
  • Das Durchschnittsergebnis liegt bei 15 aus 16
Antwortstatistiken
Landeshauptstadt % Korrekt
Bremen
98%
Mainz
98%
München
98%
Dresden
97%
Kiel
97%
Berlin
95%
Erfurt
95%
Hannover
95%
Stuttgart
95%
Magdeburg
94%
Schwerin
94%
Potsdam
92%
Düsseldorf
91%
Hamburg
89%
Saarbrücken
86%
Wiesbaden
85%
Keine übereinstimmenden Quizze gefunden
Verteilung der Resultate
Anzahl Personen mit jedem Resultat
Perzentil nach korrekt beantworteten Fragen
Ihre Resultats-Entwicklung
Sie haben dieses Quiz noch nicht gespielt